000 00353nam a2200133Ia 4500
008 240624s9999 xx 000 0 und d
041 _aeng
082 _a306.3 SCH
100 _aSCHWARZKOPF STEFAN
245 _aERNEST DICHTER AND MOTIVATION RESEARCH N
260 _c2010
_aNew York
_bPan Macmillan
300 _axii, 293 p.; 23 cm.
365 _cERU
_b38
999 _c30521
_d30521